000
00297pam a2200133 a 4500
020
_c
041
_h
082
_a
750
_b
GEH
100
_a
Ian Chilvers .
245
_a
Art an Artists
_h
Textual Documents
260
_a
England
_b
Oxford University Press
300
_a
513:
_b
paper.
930
_a
5951
999
_c
239741
_d
239741